Villes de France en images par lettre - C - Statistiques

Statistiques générales
  • Ce quiz a été pris 320 fois
    79 depuis la dernière actualisation
  • Le résultat moyen est 10 sur 15
Statistiques - réponses
Par images Hint Réponse % Correct
Normandie Caen
96%
PACA Cannes
91%
Occitanie Carcassonne
91%
Grand-Est Colmar
90%
Auvergne-Rhône-Alpes Clermont-Ferrand
88%
Normandie Cherbourg-en-Cotentin
77%
Centre-Val de Loire Chartres
65%
Hauts-de-France Calais
64%
DROM Cayenne
64%
Auvergne-Rhône-Alpes Chambéry
59%
Île-de-France Créteil
57%
Bretagne Concarneau
39%
Occitanie Castres
36%
Grand-Est Charleville-Mézières
36%
Centre-Val de Loire Châteauroux
35%
Aucun quiz correspondant
Distribution des résultats
% des personnes avec chaque résultat
Percentile par nombre de réponses
Votre historique - résultats
Vous n’avez pas pris ce quiz depuis la dernière actualisation